header

Overfished ocean strategy : (Record no. 107454)

MARC details
000 -LEADER
fixed length control field 01865nam a2200433 i 4500
001 - CONTROL NUMBER
control field ebr10865342
003 - CONTROL NUMBER IDENTIFIER
control field CaPaEBR
006 - FIXED-LENGTH DATA ELEMENTS--ADDITIONAL MATERIAL CHARACTERISTICS--GENERAL INFORMATION
fixed length control field m o d
007 - PHYSICAL DESCRIPTION FIXED FIELD--GENERAL INFORMATION
fixed length control field cr cn|||||||||
008 - FIXED-LENGTH DATA ELEMENTS--GENERAL INFORMATION
fixed length control field 140507t20142014caua o 001 0 eng d
020 ## - INTERNATIONAL STANDARD BOOK NUMBER
Cancelled/invalid ISBN 9781609949648
International Standard Book Number 9781609949655 (e-book)
International Standard Book Number 9781609949662 (e-book)
040 ## - CATALOGING SOURCE
Original cataloging agency CaPaEBR
Language of cataloging eng
Description conventions rda
-- pn
Transcribing agency CaPaEBR
035 ## - SYSTEM CONTROL NUMBER
System control number (OCoLC)878406245
050 14 - LIBRARY OF CONGRESS CALL NUMBER
Classification number HC79.E5
Item number Z4483 2014eb
082 04 - DEWEY DECIMAL CLASSIFICATION NUMBER
Classification number 658.4/083
Edition number 23
100 1# - MAIN ENTRY--PERSONAL NAME
Personal name Zhexembayeva, Nadya,
Relator term author.
245 10 - TITLE STATEMENT
Title Overfished ocean strategy :
Remainder of title powering up innovation for a resource-deprived world /
Statement of responsibility, etc Nadya Zhexembayeva ; cover design, Wes Youssi.
264 #1 - PRODUCTION, PUBLICATION, DISTRIBUTION, MANUFACTURE, AND COPYRIGHT NOTICE
Place of production, publication, distribution, manufacture San Francisco, California :
Name of producer, publisher, distributor, manufacturer Berrett-Koehler Publishers,
Date of production, publication, distribution, manufacture, or copyright notice 2014.
Date of production, publication, distribution, manufacture, or copyright notice �2014
300 ## - PHYSICAL DESCRIPTION
Extent 1 online resource (209 pages) :
Other physical details illustrations
336 ## - CONTENT TYPE
Content type term text
Source rdacontent
337 ## - MEDIA TYPE
Media type term computer
Source rdamedia
338 ## - CARRIER TYPE
Carrier type term online resource
Source rdacarrier
500 ## - GENERAL NOTE
General note Includes index.
588 ## - SOURCE OF DESCRIPTION NOTE
Source of description note Description based on print version record.
590 ## - LOCAL NOTE (RLIN)
Local note Electronic reproduction. Palo Alto, Calif. : ebrary, 2014. Available via World Wide Web. Access may be limited to ebrary affiliated libraries.
650 #0 - SUBJECT ADDED ENTRY--TOPICAL TERM
Topical term or geographic name as entry element Sustainable development.
Topical term or geographic name as entry element Recycling (Waste, etc.)
Topical term or geographic name as entry element Scarcity.
Topical term or geographic name as entry element Green marketing.
Topical term or geographic name as entry element Natural resources
General subdivision Management.
655 #0 - INDEX TERM--GENRE/FORM
Genre/form data or focus term Electronic books.
700 1# - ADDED ENTRY--PERSONAL NAME
Personal name Youssi, Wes,
Relator term cover designer.
776 08 - ADDITIONAL PHYSICAL FORM ENTRY
Display text Print version:
Main entry heading Zhexembayeva, Nadya.
Title Overfished ocean strategy : powering up innovation for a resource-deprived world.
Place, publisher, and date of publication San Francisco, California : Berrett-Koehler Publishers, c2014
Physical description vii, 195 pages
International Standard Book Number 9781609949648
Record control number 2014009525
797 2# - LOCAL ADDED ENTRY--CORPORATE NAME (RLIN)
Corporate name or jurisdiction name as entry element ebrary.
856 40 - ELECTRONIC LOCATION AND ACCESS
Uniform Resource Identifier <a href="http://site.ebrary.com/lib/rucke/Doc?id=10865342">http://site.ebrary.com/lib/rucke/Doc?id=10865342</a>
Public note An electronic book accessible through the World Wide Web; click to view

No items available.

© 2026 Rongo University
Contact us: librarian | system librarian | Rongo university